Les sciences sociales dans l'ensegnement technique supérieur

Uloženo v:
Podrobná bibliografie
Korporativní autor: UNESCO (Autor)
Médium: Kniha
Jazyk:francouzština
Vydáno: París UNESCO 1967
Témata:
Tagy: Přidat tag
Žádné tagy, Buďte první, kdo vytvoří štítek k tomuto záznamu!

MARC

LEADER 00000nam a2200000 a 4500
001 UCQ2125
003 CL-VaPUC
008 980721e19670000FR |||||||||||||||||fre|d
082 0 4 |a 370.19  |b UNE  |2 21 
110 2 |a UNESCO  |e author  |9 416048 
245 1 4 |a Les sciences sociales dans l'ensegnement technique supérieur 
300 |a 183 p 
942 |c BK 
945 |d 19980721 00:00:00  |a crobeson 
260 |a París  |b UNESCO  |c 1967 
650 0 |a Enseñanza de las ciencias sociales  |9 337823 
650 0 |a Ciencias sociales   |9 256351 
650 0 |a Educación superior   |9 223851 
583 |a last modification  |c 20170822 05:03:59  |k Rodrigo Vera 
999 |c 272966  |d 272964 
952 |0 0  |1 0  |4 0  |6 370_190000000000000_UNE_1967  |7 0  |8 A  |9 308199  |a BIBENE  |b BIBENE  |d 2019-11-20  |i 1439308  |o 370.19 UNE 1967  |p 1439308  |r 2025-01-15  |w 2019-11-20  |y BK  |k ICO